Obręby gminy Brodnica (powiat śremski) - Statystyki

Ogólne statystyki
  • Ten quiz został rozwiązany 9 razy
  • Średni wynik to 6 z 12
Odpowiedzi na mapie
Odpowiedzi zakodowano w zielono-czerwonej skali na mapie do tego quizu, zgodnie z poniższymi procentami.
 
Statystyki odpowiedzi
Odpowiedź % Poprawnych
Brodnica
100%
Górka
50%
Iłówiec
50%
Jaszkowo
50%
Manieczki
50%
Chaławy
38%
Esterpole
38%
Grabianowo
38%
Grzybno
38%
Szołdry
38%
Żabno
38%
Boreczek
25%
Nie znaleziono quizów pasujących do podanych kryteriów
Rozkład punktacji
Procent ludzi z każdym wynikiem
Percentyl według liczby udzielonych odpowiedzi
Twoja historia wyników
Nie rozwiązałeś tego quizu